000 00832nam a2200217 a 4500
001 000043834
005 20250909091243.0
008 140506s1999 sp 001 0 spa d
020 _a8472328260
040 _aDO-SdBNP
_bspa
_cBNPHU
100 1 _aMörner, Magnus
_966960
245 1 3 _aLa Corona Española y los foráneos en los pueblos de indios de América. /
_cMagnus Mörner.
260 _aMadrid :
_bCultura Híspanica, Agencia Española de Cooperación Internacional,
_c1999.
300 _a402 p. ;
_c24 cm.
490 1 _aCultura híspanica
_aHistoria
500 _aIncluye índice
504 _aBibliografía : p. 349-382
504 _aIncluye referencias bibliográficas y notas al pie de las páginas
710 2 _aAgencia Española de Cooperación Internacional
_934585
830 0 _aCultura híspanica
_pHistoria
_971698
999 _c43323
_d43323